| 000 | 00498nam a2200181Ia 4500 | ||
|---|---|---|---|
| 999 |
_c23262 _d23262 |
||
| 003 | OSt | ||
| 005 | 20200210132443.0 | ||
| 008 | 190216s9999||||xx |||||||||||||| ||und|| | ||
| 020 | _a9788182716223 | ||
| 040 | _coclc | ||
| 082 |
_a320 _bDAV/A |
||
| 100 |
_aDavood C _91907 |
||
| 245 | 0 |
_aArab Vasantham Bhaviyude Rashtreeyam / _cC Davood |
|
| 260 |
_bI P H , _c2013. _aKozhikode: |
||
| 300 | _a168p | ||
| 650 | _aIslamic History | ||
| 942 |
_cBK _2ddc _h320 _iDAV/A _k320 _mDAV/A |
||